000 00306nam a2200121Ia 4500
008 240624s9999 xx 000 0 und d
041 _aeng
082 _a823 BON
100 _aBONNETT ALASTAIR
245 _aNEW VIEWS THE WORLD MAPPED LIKE NEVER BE
260 _c2017
_aLondon
_bAurum Press
365 _c
_b33
999 _c32712
_d32712